| 000 | 00388nam a2200169Ia 4500 | ||
|---|---|---|---|
| 008 | 230524s9999 xx 000 0 und d | ||
| 082 |
_a537.3 _bGUP |
||
| 100 | _aS.L.Gupta | ||
| 245 | 0 | _aSolid State Physics | |
| 250 | _a9TH | ||
| 260 |
_aNEW DELHI _bKedarnath _c2006 |
||
| 300 | _aXI;616 | ||
| 500 | _aQuantity Number: 10 | ||
| 650 | _aPhysics | ||
| 700 | _a V.Kumar | ||
| 942 | _cBK | ||
| 999 |
_c24014 _d24014 |
||